Equipos del Este Central de la NBA - Estadísticas

Estadísticas generales
  • Esta prueba ha sido intentada 31 veces
  • La puntuación promedio es 4 de 5
Estadísticas de respuestas
Equipos % Correcto
Chicago Bulls
96%
Indiana Pacers
82%
Cleveland Cavaliers
79%
Detroit Pistons
79%
Milwaukee Bucks
75%
No se encontraron pruebas coincidentes
Distribución de puntuación
Porcentaje de gente con cada puntuación
Porcentaje por número respondido
Historial de tus puntuaciones
No has intentado esta prueba.